| 000 | 00771nam a2200229 i 4500 | ||
|---|---|---|---|
| 001 | 177429 | ||
| 003 | ES-MaACL | ||
| 005 | 20230906220328.0 | ||
| 008 | 110322s2004 sp a |||| | spa d | ||
| 020 | _a84-95763-79-6 | ||
| 080 | _a821.134.2(7/8)-14"19"(082.2) | ||
| 245 | 0 | 0 |
_aSeis voces celestes / _cselección y prólogo de Emilio Ballesteros ; [textos, Ileana Álvarez... et al.]. |
| 260 |
_aGranada : _bA. Sánchez, _c2004. |
||
| 300 |
_a48 p. : _bil., fot. ; _c20 cm. |
||
| 490 | 1 | _aAlhucema. Poesía | |
| 650 | 4 |
_aPoesías hispanoamericanas- _xAutoras. _9170475 |
|
| 700 | 1 |
_aBallesteros Almazán, Emilio. _9145802 |
|
| 700 | 1 |
_aÁlvarez, Ileana. _9145803 |
|
| 830 | 0 |
_aAlhucema. Poesía _9224183 |
|
| 852 |
_aES-MaACL _j2305-F-8 |
||
| 999 |
_c177429 _d177429 |
||